00908nam a2200193 a 450000100100000000500170001000800410002702000150006804000250008308200150010824001200012324502780024326000510052130000210057250000270059370000190062070000370063970000380067600003630120200930075645.0120112s1988 sp 000 0 spa d a8434526441 aDO-SdBNPbspacBNPHU axxxxbM29400aManual of pediatric nursing careplans careplans del depatament of nursing del hospital for sick childrenlespañol00aManual de enfermería pediátrica :bprotocolos de asistencia, departamento de enfermería, del hospital for sick children, Toronto, Canadá /cdirigido por Voirrey Broe; traducción Xavier Allué Martínez ; revisión científica Alvaro Agustí García-Navarro. aBarcelona, España :bSalvat Editores,c1988. a417 p. ;c31 cm. aTraducido del inglés1 aBroe, Voirrey.1 aAllué Martínez, Xavier,etr.1 aAgustí García-Navarro, Alvaro